000 00764nam a22002657a 4500
001 BR8203637
003 BR-BrBNA
005 20230928091342.0
007 ta
008 230509b bl.||||| |||| 00| 0 por d
040 _aBR-BrBNA
_bpor
_cBiblioteca Nacional de Agricultura
041 _a(Por)
072 _aF00
_b1123
_b/G514
090 _ 1123 BR8203637
110 1 _aComissao Executiva do Plano da Lavoura Cacaueira, Ilheus, BA (Brasil). Depto. de Extensao
_92112
245 1 _aO cultivo do maracujazeiro [Passiflora edulis, Brasil]
260 3 _aIlheus, BA (Brasil):
_c1982.
300 _a30 p.
500 _a10 ref.
650 _aMARACUJA
650 _aPRATICA CULTURAL
650 _aPLANTIO
909 _a202309
_bLucia
_c55
_dLucia Elande
942 _cBK
999 _c33508
_d33508